Personálne riadenie v podniku návody na cvičenia

Bibliographic Details
Main Author: Kalinová, Gabriela (Author)
Format: Software eBook
Language:Slovak
PhysicalDescription:1 elektronický optický disk (CD-ROM) 12 cm
Published: Bratislava Slovenská technická univerzita 2007
ISBN:9788022727396
Edition:[1. vyd.]
Subjects:

MARC

LEADER 00000nam a2200000 a 4500
001 vtls009280866
003 SK-MaSNL
005 20260301081554.0
007 co bg anuua
008 240314s2007 xo fsp 000 0 slo
015 |a SNBS2008/02-00862 
020 |a 9788022727396  |q (elektronická kniha) 
040 |a SNK  |b slo  |c SNK  |e AACR2 
041 0 |a slo 
044 |a xo  |c SK 
072 7 |a 005  |x Manažment. Riadenie  |2 konspekt 
080 |a 005  |2 2001 
080 |a 005.95/.96  |2 2001 
080 |a 378.046.4  |2 2001 
080 |a 334.72  |2 2001 
080 |a (078.5)  |2 2001 
080 |a (0.034.44)  |2 2001 
100 1 |a Kalinová, Gabriela  |4 aut  |9 15398 
245 1 0 |a Personálne riadenie v podniku  |h elektronický zdroj  |b návody na cvičenia  |c Gabriela Kalinová a kol. 
250 |a [1. vyd.] 
260 |a Bratislava  |b Slovenská technická univerzita  |c 2007 
300 |a 1 elektronický optický disk (CD-ROM)  |c 12 cm 
500 |a Názov z titulnej obrazovky 
500 |a Program vzdelávania postgraduálnych študentov ako podpora ich prípravy na podnikanie 
500 |a Európsky sociálny fond 
516 |a Textový dokument (učebnica), 1 súbor vo formáte pdf 
538 |a Technické požiadavky: Acrobat Reader 
650 0 7 |a personalistika  |2 SNKPH  |9 1265 
650 0 7 |a podniky  |2 SNKPH  |9 923 
650 0 7 |a personálny manažment  |2 SNKPH  |9 936 
650 0 7 |a ľudské zdroje  |2 SNKPH  |9 1746 
650 0 7 |a prijímacie pohovory  |2 SNKPH  |9 67194 
650 0 7 |a postgraduálne štúdium  |2 SNKPH  |9 69091 
655 7 |a elektronické zdroje  |2 SNKPH  |9 90954 
655 7 |a CD-ROM  |2 SNKPH  |9 70236 
655 7 |a učebnice vysokých škôl  |2 SNKPH  |9 70191 
919 |a 978-80-227-2739-6 
999 |c 656236  |d 658166 
952 |a SNK  |b SNK  |y PREZ  |7 0  |p 17A0583904  |o snkSCDM 1853  |i snk2008/7188  |8 0  |0 0  |1 0  |4 0  |d 2008-04-01  |l 0  |r 2026-02-23 18:37:11  |w 2026-02-23 
952 |a SNK  |b SNK  |y PREZ  |7 0  |p 17A0583905  |o snkSCDM 1853 D1  |i snk2008/7190  |8 0  |0 0  |1 0  |4 0  |d 2008-04-01  |l 0  |r 2026-02-23 18:37:11  |w 2026-02-23